[Event "4NCL Division Four"]
[Site "Warwick, ENG"]
[Date "2023.04.29"]
[Round "9.23"]
[White "Zhu, Yaoyao"]
[Black "Ashworth, Michael"]
[Result "0-1"]
[WhiteElo "2075"]
[BlackElo "2107"]
[PlyCount "128"]
[EventDate "2023.04.29"]
[WhiteTeam "Average Wood Pushers A"]
[BlackTeam "Wotton Hall"]

1. e4 c5 2. Nf3 g6 3. d4 cxd4 4. Nxd4 Nc6 5. c4 Nf6 6. Nc3 d6 7. Be2 Nxd4 8.
Qxd4 Bg7 9. Be3 O-O 10. Qd2 a5 11. O-O a4 12. Rab1 Qa5 13. h3 Be6 14. Bd4 Nxe4
15. Qe3 Bxd4 16. Qxd4 Nf6 17. Bf3 Qb4 18. Nd5 Nxd5 19. Bxd5 Bxd5 20. Qxd5 Ra5
21. Qd3 Rc8 22. b3 axb3 23. axb3 Ra3 24. Rfe1 Rc7 25. Re3 Ra2 26. Rbe1 Rd2 27.
Qe4 d5 28. cxd5 Qxe4 29. Rxe4 Kf8 30. Rc4 Rd7 31. Re5 Rd1+ 32. Kh2 R1xd5 33.
Rxd5 Rxd5 34. Rc8+ Kg7 35. Rc7 Rb5 36. Rxe7 Rxb3 37. f3 Kf6 38. Rc7 b5 39. Rb7
b4 40. h4 h5 41. Rb5 Rb1 42. Kg3 b3 43. Kf4 Ke6 44. Kg5 Rg1 45. Rxb3 Rxg2+ 46.
Kf4 Rd2 47. Re3+ Kf6 48. Kg3 Kf5 49. Re7 f6 50. Rf7 Rd4 51. Rf8 g5 52. hxg5 h4+
53. Kg2 Kxg5 54. Rg8+ Kf4 55. Rf8 Rd2+ 56. Kh3 f5 57. Rh8 Kxf3 58. Rxh4 f4 59.
Rh8 Rd7 60. Kh2 Kf2 61. Kh3 f3 62. Rf8 Rh7+ 63. Kg4 Kg2 64. Ra8 f2 0-1

[Event "4NCL Division Four"]
[Site "Warwick, ENG"]
[Date "2023.04.29"]
[Round "9.24"]
[White "Ashworth, Robert"]
[Black "Garcia-Ruiz Fuentes, Aitor"]
[Result "1/2-1/2"]
[WhiteElo "1907"]
[BlackElo "2078"]
[PlyCount "33"]
[EventDate "2023.04.29"]
[WhiteTeam "Wotton Hall"]
[BlackTeam "Average Wood Pushers A"]

1. e4 c5 2. Nf3 Nc6 3. Bb5 g6 4. O-O Bg7 5. c3 e5 6. d3 d6 7. Be3 Bg4 8. h3
Bxf3 9. Qxf3 Nge7 10. Nd2 O-O 11. Rfe1 f5 12. exf5 gxf5 13. Bg5 Rc8 14. Nf1 Kh8
15. Ng3 Bf6 16. Bh6 Bg7 17. Bg5 1/2-1/2

[Event "4NCL Division Four"]
[Site "Warwick, ENG"]
[Date "2023.04.29"]
[Round "9.25"]
[White "Kay, Lee P"]
[Black "Moldovan, Alexandru-Mitic"]
[Result "1-0"]
[WhiteElo "2052"]
[BlackElo "1758"]
[PlyCount "86"]
[EventDate "2023.04.29"]
[WhiteTeam "Average Wood Pushers A"]
[BlackTeam "Wotton Hall"]

1. d4 e5 2. e4 exd4 3. Qxd4 Nc6 4. Qe3 b6 5. Nc3 d6 6. Bd2 Nf6 7. O-O-O Be7 8.
f3 O-O 9. Be1 a5 10. g4 Nxg4 11. Qd2 Bg5 12. f4 Bh6 13. Kb1 Ba6 14. Bxa6 Rxa6
15. Qe2 Qd7 16. Qxa6 Ne3 17. Rc1 Nxc2 18. Rxc2 Nb4 19. Qf1 Nxc2 20. Kxc2 f5 21.
Qc4+ Kh8 22. Bd2 fxe4 23. Nge2 c6 24. Qxe4 d5 25. Qd3 b5 26. Ne4 b4 27. Ng5 g6
28. Qh3 Qxh3 29. Nxh3 c5 30. a3 Bg7 31. axb4 axb4 32. Ra1 b3+ 33. Kd1 Bxb2 34.
Rb1 Bf6 35. Rxb3 d4 36. Ng5 c4 37. Rb6 c3 38. Be1 Bxg5 39. fxg5 Ra8 40. Nxd4
Ra1+ 41. Ke2 Ra2+ 42. Kd3 Rxh2 43. Bxc3 h6 1-0

[Event "4NCL Division Four"]
[Site "Warwick, ENG"]
[Date "2023.04.29"]
[Round "9.26"]
[White "Maclannan, Richard"]
[Black "Hilton, Tim"]
[Result "0-1"]
[WhiteElo "1811"]
[BlackElo "2012"]
[PlyCount "58"]
[EventDate "2023.04.29"]
[WhiteTeam "Wotton Hall"]
[BlackTeam "Average Wood Pushers A"]

1. Nf3 f5 2. b3 d6 3. d4 Nf6 4. Bb2 e6 5. g3 Be7 6. Bg2 O-O 7. O-O a5 8. a4 Nc6
9. Nc3 d5 10. e3 Bd7 11. Nd2 Be8 12. Bf3 g5 13. Nb5 Nb4 14. Na3 Bg6 15. Be2 f4
16. gxf4 gxf4 17. Bg4 Nxg4 18. Qxg4 Rf5 19. Kh1 Qd7 20. e4 dxe4 21. Nxe4 Nxc2
22. Nxc2 Qc6 23. Qf3 Qxc2 24. Rab1 Rh5 25. Rfe1 Rf8 26. Nc3 Qxb3 27. Rg1 Rg5
28. Rxg5 Bxg5 29. Rg1 Bf6 0-1

[Event "4NCL Division Four"]
[Site "Warwick, ENG"]
[Date "2023.04.29"]
[Round "9.31"]
[White "Davis, Lee"]
[Black "Onley, David E"]
[Result "1-0"]
[WhiteElo "2051"]
[BlackElo "2174"]
[PlyCount "117"]
[EventDate "2023.04.29"]
[WhiteTeam "The Full Ponty"]
[BlackTeam "War and Piece A"]

1. d4 e6 2. Nf3 f5 3. g3 Nf6 4. Bg2 Be7 5. O-O O-O 6. c4 d6 7. Nc3 Ne4 8. Qc2
Nxc3 9. bxc3 Nc6 10. e3 e5 11. Ba3 Qe8 12. Nd2 f4 13. exf4 exf4 14. Rae1 Qd8
15. Bd5+ Kh8 16. Be6 Rf6 17. Bxc8 Qxc8 18. d5 Ne5 19. Rxe5 dxe5 20. Bxe7 Rf7
21. Ba3 Qh3 22. Qe4 Re8 23. Nf3 Rf5 24. Nd2 Qh5 25. Qf3 Qg6 26. Qe4 Qh5 27. Qf3
Qf7 28. g4 Rf6 29. Rb1 b6 30. Ne4 Rg6 31. h3 Qd7 32. Rb2 Rd8 33. Kh2 h6 34. Qd3
Qf7 35. f3 h5 36. Rb1 hxg4 37. hxg4 Rh6+ 38. Kg2 b5 39. Ng5 Qf6 40. Qf5 Kg8 41.
Qxf6 gxf6 42. Ne6 Rd7 43. Nf8 Rf7 44. Rxb5 Rxf8 45. Bxf8 Kxf8 46. Rb7 Rg6 47.
Kf2 Rh6 48. Rxa7 Rh2+ 49. Kf1 Rc2 50. Rxc7 Rxc3 51. Ke2 Re3+ 52. Kf2 Ra3 53. d6
Rxa2+ 54. Ke1 Ke8 55. c5 Ra3 56. c6 Rd3 57. Rc8+ Kf7 58. d7 Ke7 59. Re8+ 1-0

[Event "4NCL Division Four"]
[Site "Warwick, ENG"]
[Date "2023.04.29"]
[Round "9.32"]
[White "Tenin, Aleksander"]
[Black "Perrett, David C"]
[Result "1-0"]
[WhiteElo "2072"]
[BlackElo "1944"]
[PlyCount "87"]
[EventDate "2023.04.29"]
[WhiteTeam "War and Piece A"]
[BlackTeam "The Full Ponty"]

1. e4 Nf6 2. Nc3 d5 3. exd5 Nxd5 4. Bc4 c6 5. Qf3 e6 6. Nge2 Nd7 7. Bxd5 exd5
8. d4 Bd6 9. Bf4 Bxf4 10. Nxf4 Qf6 11. O-O-O Nf8 12. Rhe1+ Ne6 13. Nxe6 fxe6
14. Qh5+ g6 15. Qe5 O-O 16. f3 Bd7 17. Re3 Rae8 18. Rde1 Qd8 19. Na4 b6 20. b3
c5 21. Nb2 Qh4 22. dxc5 bxc5 23. Nd3 c4 24. Nc5 Bc6 25. g4 cxb3 26. axb3 Qd8
27. Qd4 Qd6 28. Re5 Rxf3 29. Rxd5 Qxh2 30. Rd8 Rxd8 31. Qxd8+ Rf8 32. Qd2 Qxd2+
33. Kxd2 e5 34. g5 Rf5 35. Ne4 Bb7 36. Nd6 Rf2+ 37. Kc3 Bc6 38. Rxe5 h6 39.
gxh6 Rf6 40. Nc8 a6 41. Re7 Bd5 42. Rg7+ Kh8 43. Kd4 Bf3 44. Ne7 1-0

[Event "4NCL Division Four"]
[Site "Warwick, ENG"]
[Date "2023.04.29"]
[Round "9.33"]
[White "Adams, Mark"]
[Black "Nawalaniec, Adam"]
[Result "0-1"]
[WhiteElo "2015"]
[BlackElo "2099"]
[PlyCount "67"]
[EventDate "2023.04.29"]
[WhiteTeam "The Full Ponty"]
[BlackTeam "War and Piece A"]

1. e4 c5 2. Nf3 d6 3. d4 cxd4 4. Nxd4 Nf6 5. Nc3 a6 6. f3 e5 7. Nb3 Be6 8. Be3
Nbd7 9. Qd2 Be7 10. g4 O-O 11. O-O-O b5 12. g5 b4 13. Nd5 Nxd5 14. exd5 Bf5 15.
h4 a5 16. Bd3 Bxd3 17. Qxd3 Qc7 18. Kb1 Rfc8 19. Rhf1 a4 20. Nc1 Ra5 21. Qe2 a3
22. b3 Qc3 23. Nd3 Rxd5 24. Qd2 Qc7 25. Qc1 Rb5 26. f4 e4 27. Nf2 d5 28. Bd4
Bc5 29. Ng4 Bxd4 30. Rxd4 Qc3 31. Rfd1 Nb6 32. f5 Rbc5 33. Ne3 Re8 34. R1d2 0-1

[Event "4NCL Division Four"]
[Site "Warwick, ENG"]
[Date "2023.04.29"]
[Round "9.34"]
[White "Thurlow, Kevin J"]
[Black "Fletcher, John"]
[Result "1/2-1/2"]
[WhiteElo "2009"]
[BlackElo "2003"]
[PlyCount "81"]
[EventDate "2023.04.29"]
[WhiteTeam "War and Piece A"]
[BlackTeam "The Full Ponty"]

1. c4 Nf6 2. Nc3 e5 3. Nf3 Nc6 4. e3 Bb4 5. Qc2 Bxc3 6. Qxc3 Qe7 7. a3 d5 8. d4
Nxd4 9. Nxe5 Qxe5 10. Qxd4 Qxd4 11. exd4 Be6 12. c5 Kd7 13. Be3 Rhe8 14. Bd3 g6
15. Kd2 Ne4+ 16. Bxe4 dxe4 17. b4 Bc4 18. Kc3 Bd3 19. g4 f6 20. Rhg1 Kc6 21. f3
a5 22. h4 axb4+ 23. axb4 Rxa1 24. Rxa1 Be2 25. f4 Bxg4 26. Ra7 Be2 27. d5+ Kxd5
28. Rxb7 Kc6 29. Ra7 h6 30. Bd4 g5 31. Kd2 Bb5 32. hxg5 hxg5 33. Ke3 gxf4+ 34.
Kxf4 Re6 35. Kf5 Bc4 36. Ra6+ Bxa6 37. Kxe6 {(=)} Kb5 38. Kxf6 Kc4 39. Ke5 Bb7
40. Be3 Kxb4 41. Kd4 1/2-1/2

[Event "4NCL Division Four"]
[Site "Warwick, ENG"]
[Date "2023.04.29"]
[Round "9.35"]
[White "Hughes, Anthony"]
[Black "Tucker, David S"]
[Result "0-1"]
[WhiteElo "1939"]
[BlackElo "2000"]
[PlyCount "108"]
[EventDate "2023.04.29"]
[WhiteTeam "The Full Ponty"]
[BlackTeam "War and Piece A"]

1. c4 c5 2. Nc3 Nc6 3. g3 g6 4. Bg2 Bg7 5. e4 e6 6. Nge2 Nge7 7. d3 O-O 8. O-O
a6 9. a4 d6 10. h3 Nd4 11. Nxd4 cxd4 12. Ne2 e5 13. Kh2 Bd7 14. b4 b5 15. cxb5
axb5 16. a5 Nc6 17. Bd2 Ra6 18. Rc1 Be6 19. f4 f6 20. f5 Bf7 21. g4 g5 22. Ng3
h6 23. Rf2 Qd7 24. Be1 Kh8 25. Bf3 Bg8 26. Rb2 Rc8 27. Qd2 Bf8 28. Kg1 Nb8 29.
h4 Rxc1 30. Qxc1 Rc6 31. Rc2 Rxc2 32. Qxc2 Nc6 33. hxg5 hxg5 34. Nh5 Be7 35.
Bd1 Bf7 36. Ng3 Qc7 37. Qb2 d5 38. Bb3 Bxb4 39. Bxb4 Nxb4 40. Bxd5 Nxd5 41.
exd5 Qxa5 42. d6 Be8 43. Ne4 Qe1+ 44. Kg2 Bc6 45. Qc2 Qc3 46. Qe2 Qa3 47. d7
Bxd7 48. Nxf6 Bc6+ 49. Kg3 Qc1 50. Qh2+ Kg7 51. Nh5+ Kf8 52. Qa2 Qg1+ 53. Kh3
Qh1+ 54. Kg3 Qh4# 0-1

[Event "4NCL Division Four"]
[Site "Warwick, ENG"]
[Date "2023.04.29"]
[Round "9.36"]
[White "Portman, Carl S"]
[Black "Davies, Peter"]
[Result "1-0"]
[WhiteElo "1930"]
[BlackElo "1890"]
[PlyCount "63"]
[EventDate "2023.04.29"]
[WhiteTeam "War and Piece A"]
[BlackTeam "The Full Ponty"]

1. d4 Nf6 2. Bg5 Ne4 3. h4 c5 4. d5 d6 5. f3 Nxg5 6. hxg5 e5 7. dxe6 Bxe6 8. f4
d5 9. c3 Nc6 10. Nd2 Qc7 11. g3 Be7 12. Ngf3 Rd8 13. Bh3 d4 14. Bxe6 fxe6 15.
Qc2 g6 16. cxd4 Nxd4 17. Nxd4 Rxd4 18. e3 Rd8 19. O-O-O Kd7 20. Qa4+ Qc6 21.
Nc4+ Kc7 22. Qxc6+ bxc6 23. Rxd8 Bxd8 24. Ne5 Kb6 25. Nxg6 Rg8 26. Ne5 Rg7 27.
Rh6 Re7 28. f5 Re8 29. f6 Rh8 30. Nf7 Rf8 31. Nxd8 Rxd8 32. Rxh7 1-0

[Event "4NCL Division Four"]
[Site "Warwick, ENG"]
[Date "2023.04.29"]
[Round "9.41"]
[White "Duncan, Patrick C M"]
[Black "Wilson, Jaimie"]
[Result "0-1"]
[WhiteElo "2068"]
[BlackElo "2105"]
[PlyCount "84"]
[EventDate "2023.04.29"]
[WhiteTeam "MASCeteers"]
[BlackTeam "Wessex Some Stars A"]

1. b3 d5 2. Bb2 Bf5 3. d3 e6 4. Nd2 Nf6 5. g3 Be7 6. Bg2 h6 7. e4 Bh7 8. Nh3
O-O 9. O-O c5 10. Nf4 Nc6 11. exd5 Nxd5 12. Nxd5 exd5 13. Qg4 Nd4 14. Bxd4 cxd4
15. Rae1 Rc8 16. Re5 Rxc2 17. Rxd5 Qc8 18. Qxc8 Rfxc8 19. Ne4 Rd8 20. Rxd8+
Bxd8 21. Ra1 Be7 22. f4 Ba3 23. Bf3 Bc1 24. Bd1 Be3+ 25. Kh1 Bxe4+ 26. dxe4 d3
27. Bf3 d2 28. Rf1 Rxa2 29. Bd1 b5 30. Kg2 a5 31. Kf3 Bc5 32. Ke2 a4 33. bxa4
bxa4 34. Rf3 a3 35. Rc3 Bb4 36. Rb3 Ba5 37. Rb8+ Kh7 38. Rb5 Bc3 39. Kd3 Ra1
40. Kxc3 Rxd1 41. Ra5 Rh1 42. Kxd2 a2 0-1

[Event "4NCL Division Four"]
[Site "Warwick, ENG"]
[Date "2023.04.29"]
[Round "9.42"]
[White "Pleasants, Allan J"]
[Black "Hazlehurst, Cory S"]
[Result "1/2-1/2"]
[WhiteElo "1975"]
[BlackElo "2079"]
[PlyCount "68"]
[EventDate "2023.04.29"]
[WhiteTeam "Wessex Some Stars A"]
[BlackTeam "MASCeteers"]

1. Nf3 Nf6 2. d4 e6 3. e3 b6 4. Bd3 Bb7 5. O-O c5 6. Nbd2 Nc6 7. b3 cxd4 8.
exd4 Be7 9. Bb2 O-O 10. a3 Rc8 11. Re1 Re8 12. Nf1 a6 13. Ne3 Nb8 14. Ne5 Be4
15. Bf1 d6 16. Nd3 d5 17. f3 Bxd3 18. Bxd3 b5 19. Qe2 Qb6 20. Kh1 Nc6 21. Rad1
Bd6 22. c4 Qb8 23. cxb5 axb5 24. Bxb5 Bxh2 25. Rc1 Nh5 26. Nf1 Ng3+ 27. Nxg3
Bxg3 28. Bxc6 Qf4 29. Kg1 Qh4 30. Qe3 Rxc6 31. Rxc6 Bxe1 32. Kf1 Bg3 33. Rc2
Bf4 34. Qf2 Bg3 1/2-1/2

[Event "4NCL Division Four"]
[Site "Warwick, ENG"]
[Date "2023.04.29"]
[Round "9.43"]
[White "Hurney, Kevin"]
[Black "De Coverly, Roger D"]
[Result "1/2-1/2"]
[WhiteElo "2059"]
[BlackElo "1945"]
[PlyCount "151"]
[EventDate "2023.04.29"]
[WhiteTeam "MASCeteers"]
[BlackTeam "Wessex Some Stars A"]

1. e4 e5 2. Nf3 Nc6 3. Bb5 a6 4. Ba4 Nf6 5. d3 b5 6. Bb3 Be7 7. O-O O-O 8. a4
b4 9. a5 d6 10. h3 Be6 11. Nbd2 Nd7 12. Bd5 Bxd5 13. exd5 Na7 14. d4 c6 15.
dxe5 Nxe5 16. Nxe5 dxe5 17. dxc6 Nxc6 18. Nc4 Bc5 19. Be3 Bxe3 20. fxe3 Qxd1
21. Rfxd1 Rad8 22. Kf2 f6 23. Ke2 Kf7 24. b3 Ke6 25. g4 Rxd1 26. Rxd1 Rd8 27.
Rxd8 Nxd8 28. Kd3 Nb7 29. e4 Kd7 30. h4 Kc6 31. g5 Nc5+ 32. Ke3 Ne6 33. gxf6
gxf6 34. Nb6 Nf4 35. Kd2 h6 36. Nc4 Kc5 37. c3 Ng2 38. h5 Nf4 39. Ne3 Nxh5 40.
Nf5 Kb5 41. Nxh6 Kxa5 42. Ng4 Kb5 43. cxb4 Kxb4 44. Kc2 Kc5 45. Kc3 Kd6 46. b4
Ke6 47. Ne3 Ng3 48. Kd3 f5 49. exf5+ Nxf5 50. Nc4 Nd6 51. Ne3 Nb5 52. Ke4 Nc3+
53. Kd3 Nd5 54. Nc2 Kd6 55. Kc4 Kc6 56. Na3 Nb6+ 57. Kd3 Kd5 58. Nc2 e4+ 59.
Kc3 Ke5 60. Kd2 Nc4+ 61. Kc3 Nd6 62. Ne3 Kf4 63. Nd5+ Kf3 64. Kd4 Nb7 65. Ne3
Nd8 66. Nd5 Ne6+ 67. Kc4 e3 68. Nxe3 Kxe3 69. b5 a5 70. b6 Nd8 71. Kb5 Nb7 72.
Kc6 a4 73. Kxb7 a3 74. Kc8 a2 75. b7 a1=Q 76. b8=Q 1/2-1/2

[Event "4NCL Division Four"]
[Site "Warwick, ENG"]
[Date "2023.04.29"]
[Round "9.44"]
[White "Gregory, Keith D F"]
[Black "Isik, Muhammed Oguz"]
[Result "0-1"]
[WhiteElo "1950"]
[BlackElo "1821"]
[PlyCount "58"]
[EventDate "2023.04.29"]
[WhiteTeam "Wessex Some Stars A"]
[BlackTeam "MASCeteers"]

1. Nf3 d5 2. c4 c6 3. cxd5 cxd5 4. g3 Nc6 5. Bg2 e5 6. d3 h6 7. O-O Nge7 8. a3
g5 9. b4 a6 10. Bb2 Ng6 11. Nbd2 Be6 12. Nb3 g4 13. Nfd2 h5 14. Rc1 h4 15. Nc5
hxg3 16. hxg3 Qg5 17. Re1 Bxc5 18. Rxc5 f5 19. e3 Rd8 20. Nf1 Rd7 21. f4 gxf3
22. Qxf3 e4 23. Qd1 Rh5 24. Qa1 Rdh7 25. Bf6 Qh6 26. Qc3 f4 27. exf4 Nxf4 28.
gxf4 Rh1+ 29. Kf2 Qxf4+ 0-1

[Event "4NCL Division Four"]
[Site "Warwick, ENG"]
[Date "2023.04.29"]
[Round "9.45"]
[White "Walner, Milenko"]
[Black "Marsh, Roger D W"]
[Result "0-1"]
[WhiteElo "1779"]
[BlackElo "1933"]
[PlyCount "84"]
[EventDate "2023.04.29"]
[WhiteTeam "MASCeteers"]
[BlackTeam "Wessex Some Stars A"]

1. e4 g6 2. d4 Bg7 3. h3 h5 4. Be2 c6 5. Nf3 d5 6. e5 Bg4 7. Ng5 Bxe2 8. Qxe2
e6 9. a4 Bf8 10. c3 c5 11. Qb5+ Qd7 12. Na3 Nc6 13. dxc5 a6 14. Qe2 Bxc5 15. b4
Bf8 16. Be3 Nh6 17. Rd1 Nxb4 18. Nc4 Qc6 19. Nb6 Rd8 20. a5 d4 21. cxb4 Qxg2
22. Qf3 Qxf3 23. Nxf3 dxe3 24. Ke2 Rxd1 25. Rxd1 exf2 26. Rd7 Bxb4 27. Rxb7 Be7
28. Rb8+ Bd8 29. Ra8 Ng4 30. Rxa6 Bxb6 31. axb6 Kd7 32. Ra7+ Kc6 33. Rxf7 Kxb6
34. Rg7 Ra8 35. Rf7 Kc6 36. Nd2 Kd5 37. Kd3 Ra3+ 38. Ke2 Re3+ 39. Kf1 Re1+ 40.
Kg2 Rg1+ 41. Kf3 f1=Q+ 42. Nxf1 Rxf1+ 0-1

[Event "4NCL Division Four"]
[Site "Warwick, ENG"]
[Date "2023.04.29"]
[Round "9.46"]
[White "Spanton, Tim R"]
[Black "Dos Santos Silva, Bruno Alexandre"]
[Result "1-0"]
[WhiteElo "1952"]
[BlackElo "1772"]
[PlyCount "26"]
[EventDate "2023.04.29"]
[WhiteTeam "Wessex Some Stars A"]
[BlackTeam "MASCeteers"]

1. e4 c5 2. Nf3 d6 3. Bb5+ Bd7 4. Bxd7+ Qxd7 5. O-O Nc6 6. c3 Nf6 7. Qe2 e5 8.
d4 cxd4 9. cxd4 exd4 10. Rd1 Be7 11. Nxd4 O-O 12. Nc3 Nxd4 13. Rxd4 Qg4 {
Scoresheet is unreadable}1-0} 1-0

[Event "4NCL Division Four"]
[Site "Warwick, ENG"]
[Date "2023.04.29"]
[Round "9.51"]
[White "Walentowicz, Stefan"]
[Black "Pink, Joshua"]
[Result "0-1"]
[WhiteElo "1904"]
[BlackElo "1901"]
[PlyCount "44"]
[EventDate "2023.04.29"]
[WhiteTeam "Ashfield 2"]
[BlackTeam "Coventry"]

1. d4 d5 2. Nf3 Nf6 3. e3 c5 4. c3 Nc6 5. Bd3 Bg4 6. Nbd2 e6 7. O-O Bd6 8. Re1
Qc7 9. h3 Bh5 10. dxc5 Bxc5 11. e4 O-O-O 12. b4 dxe4 13. Bxe4 Bb6 14. Qb3 Nxe4
15. Rxe4 Rd3 16. Re1 Bxf3 17. Nxf3 Rxf3 18. gxf3 Qg3+ 19. Kh1 Qxf3+ 20. Kg1
Bxf2+ 21. Kh2 Bg3+ 22. Kg1 Qf2+ 0-1

[Event "4NCL Division Four"]
[Site "Warwick, ENG"]
[Date "2023.04.29"]
[Round "9.52"]
[White "Ireland, David J"]
[Black "Flynn, David"]
[Result "1/2-1/2"]
[WhiteElo "1932"]
[BlackElo "1896"]
[PlyCount "69"]
[EventDate "2023.04.29"]
[WhiteTeam "Coventry"]
[BlackTeam "Ashfield 2"]

1. e4 c5 2. Nc3 Nc6 3. f4 g6 4. Nf3 Bg7 5. Bb5 Nd4 6. O-O a6 7. Bd3 d6 8. Nxd4
cxd4 9. Ne2 Nf6 10. Qe1 O-O 11. h3 e5 12. c3 dxc3 13. bxc3 b5 14. Bc2 Bb7 15.
d3 Qc7 16. Bb3 Nd7 17. f5 d5 18. Ba3 Nc5 19. Bxd5 Bxd5 20. exd5 Nxd3 21. Qg3
Nc5 22. f6 Bh8 23. Qe3 Rfc8 24. Rad1 Qb6 25. Ng3 Nd7 26. Qxb6 Nxb6 27. Ne4 Rd8
28. d6 Rac8 29. Bc5 Nd7 30. Bb4 Rc4 31. Rde1 h6 32. Nd2 Rc6 33. Ne4 Rc4 34. Nd2
Rc6 35. Ne4 1/2-1/2

[Event "4NCL Division Four"]
[Site "Warwick, ENG"]
[Date "2023.04.29"]
[Round "9.53"]
[White "Hardman, Daniel"]
[Black "Goodwin, Ed H"]
[Result "1/2-1/2"]
[WhiteElo "1834"]
[BlackElo "1817"]
[PlyCount "83"]
[EventDate "2023.04.29"]
[WhiteTeam "Ashfield 2"]
[BlackTeam "Coventry"]

1. e4 c5 2. Nc3 e6 3. Nge2 Nc6 4. g3 g6 5. d4 cxd4 6. Nxd4 a6 7. Be3 Bg7 8. Nb3
b5 9. Bg2 Bb7 10. Nc5 Bc8 11. O-O Nge7 12. Nb3 O-O 13. f4 Rb8 14. Qd6 Rb7 15.
Nc5 Ra7 16. Rad1 Qc7 17. Nxe6 dxe6 18. Bxa7 Qxa7+ 19. Kh1 Rd8 20. Qa3 Rxd1 21.
Nxd1 Bf8 22. Qe3 Qxe3 23. Nxe3 h6 24. c4 bxc4 25. Nxc4 a5 26. Rd1 Ba6 27. Nd6
e5 28. fxe5 Nxe5 29. Bf1 Bxf1 30. Rxf1 N7c6 31. Nb5 Bg7 32. b3 Nd3 33. Kg2 Nde5
34. Rc1 Bf8 35. h3 h5 36. Kf1 Bh6 37. Rc2 Bf8 38. a3 Be7 39. Ke2 Kg7 40. Rc1
Bg5 41. Rc2 Be7 42. Rc1 1/2-1/2

[Event "4NCL Division Four"]
[Site "Warwick, ENG"]
[Date "2023.04.29"]
[Round "9.54"]
[White "Graff, Ben"]
[Black "Combie, Alex B"]
[Result "1/2-1/2"]
[WhiteElo "1791"]
[BlackElo "1852"]
[PlyCount "102"]
[EventDate "2023.04.29"]
[WhiteTeam "Coventry"]
[BlackTeam "Ashfield 2"]

1. e4 d5 2. exd5 Qxd5 3. Nc3 Qd8 4. Nf3 Nf6 5. Bc4 e6 6. O-O Be7 7. Re1 O-O 8.
d4 c5 9. d5 exd5 10. Nxd5 Nxd5 11. Bxd5 Nd7 12. Bb3 Nb6 13. Qxd8 Bxd8 14. Be3
c4 15. Bxb6 Bxb6 16. Bxc4 Bf5 17. c3 Rad8 18. Rad1 Bc2 19. Rxd8 Rxd8 20. Bd5 g5
21. c4 h6 22. Re7 Bg6 23. Ne5 Kg7 24. Nxg6 Kxg6 25. Kf1 f5 26. a3 Rb8 27. b4
Bd4 28. Rxb7 Rxb7 29. Bxb7 Kf6 30. Ke2 Bb2 31. a4 Ba3 32. b5 Bb4 33. Kd3 Ke5
34. Bd5 f4 35. Bf3 Bc5 36. a5 Bxf2 37. Kc2 Bc5 38. Kd3 Bf2 39. h3 Bg1 40. Kc3
Bf2 41. b6 axb6 42. a6 b5 43. cxb5 Bb6 44. Kc4 Kd6 45. Kd3 Ke5 46. Kc3 Kd6 47.
Kb4 Kc7 48. Bg4 Kd6 49. Bf3 Kc7 50. Kc4 Kd6 51. Kd3 Ke5 1/2-1/2

[Event "4NCL Division Four"]
[Site "Warwick, ENG"]
[Date "2023.04.29"]
[Round "9.55"]
[White "Bromilow, Edward T"]
[Black "Manickam, Saravanna Bava"]
[Result "1/2-1/2"]
[WhiteElo "1820"]
[BlackElo "1807"]
[PlyCount "46"]
[EventDate "2023.04.29"]
[WhiteTeam "Ashfield 2"]
[BlackTeam "Coventry"]

1. d4 Nf6 2. Nf3 b6 3. e3 Bb7 4. Bd3 e6 5. Nbd2 d5 6. O-O Nbd7 7. Ne5 Bd6 8. f4
c5 9. b3 O-O 10. Bb2 Ne4 11. c4 f5 12. Nxd7 Qxd7 13. Nf3 Rad8 14. Ne5 Qe8 15.
Qe2 Rf6 16. dxc5 Bxc5 17. Bxe4 dxe4 18. Rad1 Rf8 19. Rxd8 Qxd8 20. Rd1 Qc8 21.
Qd2 Be7 22. Qe2 Rd8 23. Kf2 Bf6 1/2-1/2

[Event "4NCL Division Four"]
[Site "Warwick, ENG"]
[Date "2023.04.29"]
[Round "9.56"]
[White "Bozhgulova, Zaynabkhan"]
[Black "Graham, Neil"]
[Result "0-1"]
[WhiteElo "1343"]
[BlackElo "1780"]
[PlyCount "76"]
[EventDate "2023.04.29"]
[WhiteTeam "Coventry"]
[BlackTeam "Ashfield 2"]

1. e4 e5 2. Nf3 Nf6 3. Nc3 Nc6 4. d4 exd4 5. Nxd4 Bb4 6. Nxc6 bxc6 7. Bd3 O-O
8. O-O Re8 9. Re1 d6 10. Bg5 h6 11. Bh4 g5 12. Bg3 Bg4 13. f3 Bc5+ 14. Kh1 Bh5
15. Qd2 Bg6 16. Bf2 Bxf2 17. Qxf2 Nd7 18. Bc4 Qb8 19. Rab1 Qb4 20. Qf1 Ne5 21.
Bb3 a5 22. a3 Qb8 23. f4 gxf4 24. Qxf4 Kg7 25. Ne2 c5 26. Ng3 c4 27. Ba4 Rh8
28. b3 Qd8 29. Nf5+ Bxf5 30. exf5 Qg5 31. Qf1 c3 32. Rbd1 Rhg8 33. Qf2 Kh7 34.
h3 Qg3 35. Qxg3 Rxg3 36. Bb5 Rag8 37. Rg1 Nf3 38. Rd3 Rxh3+ 0-1

[Event "4NCL Division Four"]
[Site "Warwick, ENG"]
[Date "2023.04.29"]
[Round "9.61"]
[White "Bakacsi, Zsolt"]
[Black "Maton, Emily"]
[Result "0-1"]
[WhiteElo "1853"]
[BlackElo "1755"]
[PlyCount "136"]
[EventDate "2023.04.29"]
[WhiteTeam "Barnet Knights C"]
[BlackTeam "She Plays To Win Lionesses"]

1. e4 c5 2. Nf3 g6 3. d4 cxd4 4. Nxd4 Bg7 5. Nc3 Nc6 6. Be3 d6 7. Bc4 Nf6 8. f3 Bd7 9. Qd2 Rc8 10. Bb3 O-O 11. O-O-O Ne5 12. h4 Nc4 13. Bxc4 Rxc4 14. g4 Qa5 15. Nb3 Qc7 16. e5 dxe5 17. g5 Ng4 18. fxg4 Bxg4 19. Nd5 Qd6 20. Qd3 Rfc8 21. Rd2 Bf5 22. Qxc4 Rxc4 23. Nf6+ Bxf6 24. Rxd6 exd6 25. gxf6 Rxc2+ 26. Kd1 Rxb2 27. Nc1 b6 28. Bh6 d5 29. Re1 Bg4+ 30. Ne2 Rxa2 31. Bd2 Ra1+ 32. Bc1 d4 33. Kd2 Ra2+ 34. Kd3 Bf5+ 35. Kc4 Rc2+ 36. Kd5 d3 37. Nd4 Rc5+ 38. Kd6 e4 39. Nxf5 Rxf5 40. Rxe4 Rxf6+ 41. Kd7 Rf5 42. Bh6 Rd5+ 43. Kc7 f5 44. Re7 d2 45. Rg7+ Kh8 46. Re7 Rd8 47. Kxd8 d1=Q+ 48. Kc7 Qc2+ 49. Kd8 Qd3+ 50. Kc7 Qe4 51. Rxe4 fxe4 52. Kb7 a5 53. Kxb6 a4 54. Bc1 Kg7 55. Kc5 Kf6 56. Kd4 Kf5 57. Ke3 Kg4 58. Kxe4 Kxh4 59. Kf3 h5 60. Kg2 Kg4 61. Ba3 Kf4 62. Kh2 Ke4 63. Kg3 Kd3 64. Kh4 Kc3 65. Bf8 Kb3 66. Kg5 a3 67. Kxg6 a2 68. Bg7 h4 0-1

[Event "4NCL Division Four"]
[Site "Warwick, ENG"]
[Date "2023.04.29"]
[Round "9.62"]
[White "Latypova, Olga L"]
[Black "Page, Thomas"]
[Result "1/2-1/2"]
[WhiteElo "1757"]
[BlackElo "1830"]
[PlyCount "84"]
[EventDate "2023.04.29"]
[WhiteTeam "She Plays To Win Lionesses"]
[BlackTeam "Barnet Knights C"]

1. e4 e6 2. d4 d5 3. Nd2 Bb4 4. c3 Ba5 5. Ngf3 Nd7 6. Bd3 h6 7. O-O dxe4 8. Nxe4 Ngf6 9. Qe2 Nxe4 10. Bxe4 c6 11. Rd1 O-O 12. Bc2 Re8 13. Qd3 Nf6 14. Ne5 Bc7 15. Qg3 Kf8 16. Qh3 Ng8 17. Rd3 Bxe5 18. dxe5 Qc7 19. Qg3 b6 20. Rf3 Bb7 21. Bg6 Re7 22. Bh7 c5 23. Rd3 Rd8 24. Rd6 Red7 25. Bxg8 Rxd6 26. exd6 Qxd6 27. Qxd6+ Rxd6 28. Bf4 e5 29. Bxe5 Re6 30. Bb8 a6 31. Bxf7 Kxf7 32. Rd1 Ke7 33. Kf1 Be4 34. f3 Bg6 35. Bg3 Bh7 36. Kf2 c4 37. Re1 Rxe1 38. Kxe1 Ke6 39. Kd2 Kd5 40. Ke3 Bd3 41. Bc7 b5 42. Ba5 h5 1/2-1/2

[Event "4NCL Division Four"]
[Site "Warwick, ENG"]
[Date "2023.04.29"]
[Round "9.63"]
[White "Bloom, Paul"]
[Black "Rida, Ruqayyah"]
[Result "0-1"]
[WhiteElo "1744"]
[BlackElo "1786"]
[PlyCount "64"]
[EventDate "2023.04.29"]
[WhiteTeam "Barnet Knights C"]
[BlackTeam "She Plays To Win Lionesses"]

1. e4 e5 2. Nf3 Nc6 3. Bb5 a6 4. Ba4 Nf6 5. O-O b5 6. Bb3 Bc5 7. c3 d6 8. d4 Bb6 9. h3 O-O 10. Re1 h6 11. a4 Bb7 12. d5 Ne7 13. Qd3 Nd7 14. Bd1 Nc5 15. Qe2 f5 16. exf5 Bxd5 17. Nbd2 Nxf5 18. a5 Ba7 19. b4 Ne6 20. Bb3 Bxb3 21. Nxb3 Nh4 22. Be3 Nxf3+ 23. gxf3 Nf4 24. Bxf4 Rxf4 25. Kh2 Qh4 26. Rf1 e4 27. Nd4 Bxd4 28. cxd4 Rxf3 29. Qa2+ Kh8 30. Qe6 Raf8 31. Ra2 R8f5 32. Re2 Rxh3+ 0-1